Milwaukee Bucks 2024-2025 Roster - Statistics

General Stats
  • This quiz has been taken 131 times
    64 since last reset
  • The average score is 9 of 17
Answer Stats
Jersey # Answer % Correct
34 Giannis Antetokounmpo
97%
0 Damian Lillard
91%
11 Brook Lopez
85%
18 Kyle Kuzma
79%
9 Bobby Portis
76%
20 AJ Green
74%
5 Gary Trent Jr
62%
44 Andre Jackson Jr
59%
24 Pat Connaughton
53%
12 Taurean Prince
53%
13 Ryan Rollins
50%
7 Chris Livingston
35%
21 Tyler Smith
32%
3 Marjon Beauchamp
21%
00 Jericho Sims
18%
17 Stanley Umude
15%
15 Liam Robbins
6%
No matching quizzes found
Score Distribution
Percent of People with Each Score
Percentile by Number Answered
Your Score History
You have not taken this quiz since the last reset